Quản lí hành chính nhà nước và quản lí ngành Giáo dục và Đào tạo Giáo trình dành cho sinh viên các trường Sư phạm. Biên soạn theo chương trình của Bộ Giáo dục và Đào tạo ban hành..

Một số vấn đề cơ bản về nhà nước, quản lí hành chính nhà nước và công vụ, công chức. Đường lối, quan điểm của Đảng và Nhà nước về giáo dục và đào tạo. Điều lệ, quy chế, quy định của Bộ Giáo dục và Đào tạo đối với giáo dục mầm non và giáo dục phổ thông. Luật giáo dục và luật bảo vệ chăm sóc và giáo d...

תיאור מלא

שמור ב:
מידע ביבליוגרפי
פורמט: ספר
שפה:Vietnamese
יצא לאור: H. Đại học Sư phạm 2006
מהדורה:Tái bản lần thứ 4 có sửa chữa, bổ sung
נושאים:
תגים: הוספת תג
אין תגיות, היה/י הראשונ/ה לתייג את הרשומה!
Thư viện lưu trữ: Mạng thư viện Đại học Đà Nẵng
LEADER 01990nam a2200373 4500
001 000007389
003 3550
005 20121009091004.0
008 110929s2006 viesd
020 |c 32000đ 
041 0 |a vie 
082 |a 351.7  |b Qua 
245 0 |a Quản lí hành chính nhà nước và quản lí ngành Giáo dục và Đào tạo  |b Giáo trình dành cho sinh viên các trường Sư phạm. Biên soạn theo chương trình của Bộ Giáo dục và Đào tạo ban hành..  |c B.s.: Phạm Viết Vượng (ch.b.), Ngô Thành Can, Trần Quang Cấn.. 
250 |a Tái bản lần thứ 4 có sửa chữa, bổ sung 
260 |a H.  |b Đại học Sư phạm  |c 2006 
300 |a 317 tr.  |c 20 cm. 
500 |a ĐTTS ghi: Trường đại học Sư phạm Hà Nội. Viện Nghiên cứu Sư phạm 
504 |a Thư mục: tr. 316 
520 |a Một số vấn đề cơ bản về nhà nước, quản lí hành chính nhà nước và công vụ, công chức. Đường lối, quan điểm của Đảng và Nhà nước về giáo dục và đào tạo. Điều lệ, quy chế, quy định của Bộ Giáo dục và Đào tạo đối với giáo dục mầm non và giáo dục phổ thông. Luật giáo dục và luật bảo vệ chăm sóc và giáo dục trẻ em. Thực tiễn giáo dục Việt Nam 
653 |a Quản lí hành chính 
653 |a Quản lí nhà nước 
653 |a Giáo dục 
653 |a Luật giáo dục 
910 |a Huỳnh Thị Cẩm Lai  |d 29/09/2011 
OWN |a LSP 
AVA |a UDN50  |b LSP  |d 351.7 Qua  |e check_holdings  |t Error 5003 Not defined in file expand_doc_bib_avail.  |h N  |k 1 
999 |a From the UDN01 
AVA |a UDN50  |b LSP  |d 351.7 Qua  |e available  |t Error 5001 Not defined in file expand_doc_bib_avail.  |f 12  |g 0  |h N  |i 0  |k 1 
TYP |a Monograph 
TYP |a Printed language 
980 |a Mạng thư viện Đại học Đà Nẵng